Kashmir and Kashghar : (Record no. 234203)

000 -LEADER
fixed length control field 01149cam a2200313 a 4500
001 - CONTROL NUMBER
control field 11821042
003 - CONTROL NUMBER IDENTIFIER
control field Nust
005 - DATE AND TIME OF LATEST TRANSACTION
control field 20170316163136.0
008 - FIXED-LENGTH DATA ELEMENTS--GENERAL INFORMATION
fixed length control field 990506r19991875pk 000 0 eng
010 ## - LIBRARY OF CONGRESS CONTROL NUMBER
LC control number 99921722
020 ## - INTERNATIONAL STANDARD BOOK NUMBER
International Standard Book Number 969350738X
025 ## - OVERSEAS ACQUISITION NUMBER
Overseas acquisition number P-E-99921722; 07
035 ## - SYSTEM CONTROL NUMBER
System control number (DLC) 99921722
040 ## - CATALOGING SOURCE
Original cataloging agency DLC
Transcribing agency DLC
Modifying agency DLC
042 ## - AUTHENTICATION CODE
Authentication code lcode
043 ## - GEOGRAPHIC AREA CODE
Geographic area code a-cc---
-- a-ii---
050 00 - LIBRARY OF CONGRESS CALL NUMBER
Classification number DS793.S62
Item number B36 1999
082 00 - DEWEY DECIMAL CLASSIFICATION NUMBER
Classification number 954.6
Edition number 21
100 1# - MAIN ENTRY--PERSONAL NAME
Personal name Bellew, H. W.
Fuller form of name (Henry Walter),
Dates associated with a name 1834-1892.
245 10 - TITLE STATEMENT
Title Kashmir and Kashghar :
Remainder of title a narrative of the journey of the Embassy to Kashghar in 1873-74 /
Statement of responsibility, etc. by H.W. Bellew.
260 ## - PUBLICATION, DISTRIBUTION, ETC.
Place of publication, distribution, etc. Lahore :
Name of publisher, distributor, etc. Sang-e-Meel Publications,
Date of publication, distribution, etc. 1999.
300 ## - PHYSICAL DESCRIPTION
Extent xix, 419 p. ;
Dimensions 22 cm.
500 ## - GENERAL NOTE
General note Originally published: London: Trübner & Co., 1875.
651 #0 - SUBJECT ADDED ENTRY--GEOGRAPHIC NAME
Geographic name Xinjiang Uygur Zizhiqu (China)
General subdivision Description and travel.
651 #0 - SUBJECT ADDED ENTRY--GEOGRAPHIC NAME
Geographic name Jammu and Kashmir (India)
General subdivision Description and travel.
906 ## - LOCAL DATA ELEMENT F, LDF (RLIN)
a 7
b cbc
c origode
d 3
e ncip
f 19
g y-gencatlg
942 ## - ADDED ENTRY ELEMENTS (KOHA)
Source of classification or shelving scheme
Koha item type Book
Holdings
Withdrawn status Lost status Source of classification or shelving scheme Damaged status Not for loan Permanent Location Current Location Date acquired Total Checkouts Full call number Barcode Date last seen Price effective from Koha item type
          School of Civil and Environmental Engineering (SCEE) School of Civil and Environmental Engineering (SCEE) 03/15/2017   954.6 BEL NIT-9013 03/15/2017 03/15/2017 Book
          School of Civil and Environmental Engineering (SCEE) School of Civil and Environmental Engineering (SCEE) 09/23/2019   954.6 NIT-10762 09/23/2019 09/23/2019 Book
© 2023 Central Library, National University of Sciences and Technology. All Rights Reserved.